[Event "ICS rated blitz match"]
[Site "204.178.125.65"]
[Date "1999.10.30"]
[Round "?"]
[White "MissSilicon"]
[Black "Hossa"]
[Result "1-0"]
[WhiteElo "2705"]
[BlackElo "2536"]
[Annotator "Hiarcs 7.32 (22s)"]
[PlyCount "128"]
[EventDate "1999.??.??"]

1. e4 e6 2. d4 d5 3. Nd2 c5 4. exd5 Qxd5 5. Ngf3 cxd4 6. Bc4 Qc5 7. O-O Nc6 8.
Qe2 Qb6 9. Nb3 Nge7 10. Rd1 Nf5 11. Bb5 Bd7 12. Bxc6 bxc6 13. Nbxd4 Nxd4 14.
Nxd4 Be7 15. Nf3 f6 16. Nh4 g6 17. Nf3 e5 18. b3 O-O-O 19. Be3 Qb5 20. Qxb5
cxb5 21. Bxa7 Kb7 22. Be3 b4 23. Ne1 Bf5 24. Nd3 24... Rc8 $14 (24... Rd5 25.
h3 $11) 25. Bd2 Bxd3 26. cxd3 Rc2 27. Be1 Rd8 28. Kf1 Rb2 29. f3 Rc2 30. Bg3 g5
31. h4 h6 32. Be1 $11 (32. Bf2 Bc5 33. Bxc5 Rxc5 34. hxg5 34... hxg5 $11) 32...
gxh4 $14 (32... f5 $5 $11) 33. Bxh4 h5 34. Bf2 Ra8 35. d4 exd4 (35... Bd6 36.
Re1 $16) 36. Bxd4 Raxa2 37. Rxa2 Rxa2 38. Re1 Bd8 39. Re8 Kc7 40. Rh8 $14 (40.
Bc5 $5 $18 $142) 40... Be7 $16 (40... Ra3 $5 $14 {ist vielleicht staerker}) 41.
Rxh5 $14 (41. Rh7 Kd6 42. Rxh5 42... Ke6 $14) 41... Kd7 $16 (41... Ra3 $5 $14)
42. Bf2 $14 (42. Rh6 42... f5 $16) 42... Ra1+ 43. Be1 Bd6 44. Ke2 Ra2+ 45. Bd2
Rb2 46. Kd3 46... Rxb3+ $2 $18 (46... Kc6 $16 $142) 47. Kc2 Ra3 48. Rd5 $1 {
die Pointe} 48... Ra4 49. Kb3 Ra3+ (49... Ra1 50. Bf4 Ra6 51. Rxd6+ Rxd6 52.
Bxd6 Kxd6 53. Kxb4 $18) 50. Kc4 $1 {nun ist alles klar} 50... Ra4 (50... Ra6
51. Bxb4 Ke6 52. Rxd6+ Rxd6 53. Bxd6 53... Kxd6 $18) 51. Kb5 Ra8 52. Bf4 b3 (
52... Rb8+ {aendert nichts mehr} 53. Ka6 b3 54. Rxd6+ Ke7 55. Rd1 $18) 53.
Rxd6+ Ke7 54. Rd1 Ke6 (54... Ra2 {hilft auch nicht mehr} 55. Re1+ Kf7 56. Kb4
Rxg2 57. Kxb3 $18) 55. Rb1 Kf5 56. g3 b2 57. Kb4 Ra2 58. Kb3 Ra7 59. Rxb2 Ra1
60. Rd2 Rf1 61. Rd3 Ra1 62. Kc4 Ra4+ 63. Kb5 Ra2 64. Bd2 Ke6 1-0

[Event "ICS rated blitz match"]
[Site "204.178.125.65"]
[Date "1999.10.30"]
[Round "?"]
[White "Hossa"]
[Black "counterplay"]
[Result "0-1"]
[WhiteElo "2527"]
[BlackElo "2702"]
[PlyCount "91"]
[EventDate "1999.??.??"]

1. c4 Nf6 2. Nc3 c5 3. Nf3 e6 4. e4 Nc6 5. d4 cxd4 6. Nxd4 Bb4 7. Nxc6 dxc6 8.
Qxd8+ Kxd8 9. Bd2 e5 10. a3 Bc5 11. Rd1 Kc7 12. Be2 Be6 13. b4 Bd4 14. b5 a6
15. bxc6 bxc6 16. f3 a5 17. Na4 Rhb8 18. Bc1 Rb3 19. g4 c5 20. g5 Ne8 21. Rd2
Bd7 22. Nb2 Bc3 23. Nd3 Rb1 24. Kd1 Ba4+ 25. Rc2 Bd4 26. Kd2 Nd6 27. Bf1 Bxc2
28. Kxc2 Rab8 29. f4 Nxc4 30. fxe5 Ra1 31. Nxc5 Ra2+ 32. Kd1 Ne3+ 33. Bxe3 Bxc5
34. Bc4 Rb1+ 35. Bc1 Bxa3 36. Bxa2 Rxc1+ 37. Ke2 Rxh1 38. Bxf7 Rxh2+ 39. Kf3
Be7 40. Kg3 Rb2 41. Bg8 a4 42. Bxh7 a3 43. Bg8 Bxg5 44. Kg4 Be7 45. Kf5 Rf2+
46. Kg6 {Hossa resigns} 0-1

[Event "ICS rated blitz match"]
[Site "204.178.125.65"]
[Date "1999.10.30"]
[Round "?"]
[White "Hossa"]
[Black "PostModernist"]
[Result "0-1"]
[WhiteElo "2518"]
[BlackElo "2635"]
[PlyCount "97"]
[EventDate "1999.??.??"]

1. e4 c5 2. f4 d5 3. exd5 Nf6 4. Bb5+ Bd7 5. Bxd7+ Qxd7 6. c4 e6 7. dxe6 Qxe6+
8. Qe2 Bd6 9. Qxe6+ fxe6 10. Ne2 Nc6 11. O-O O-O-O 12. Nbc3 Nb4 13. b3 13...
Bc7 {letzter Buchzug} 14. Rb1 Rhf8 15. Rf3 ({0.20 Hiarcs 7.32:} 15. a3 15...
Nd3 16. Bb2 Ng4 17. g3 Nxb2 18. Rxb2 {0.51/7}) 15... Nh5 16. Rh3 ({
-0.41 Hiarcs 7.32:} 16. Ne4 16... Nxa2 17. Nxc5 Nxc1 18. Rxc1 Nxf4 19. Nxf4
Rxf4 20. Rxf4 20... Bxf4 {0.20/7}) 16... Nxf4 17. Nxf4 Bxf4 18. Rxh7 ({
-0.73 Hiarcs 7.32:} 18. Ne4 18... Be5 19. Bb2 Bxb2 20. Rxb2 Nd3 21. Rb1 {
-0.41/6}) 18... Nxa2 $1 19. Ba3 (19. Nxa2 Be3+ 20. dxe3 Rd1#) 19... Nxc3 20.
dxc3 Be3+ 21. Kh1 Rd2 22. h4 ({-2.87 Hiarcs 7.32:} 22. Rh3 22... Bf2 {-0.59/7})
22... Ra2 23. Re1 (23. Bb2 Rf2 24. Ba1 (24. Re1 Bd2 25. Rb1 Bf4) 24... Rxg2 $19
) 23... Bf2 24. Bxc5 Bxc5 25. Rxg7 Rc2 26. b4 Bf2 27. Re4 Rxc3 28. Kh2 e5 29.
Reg4 Bd4 30. Rg8 Rd8 31. Rxd8+ Kxd8 32. Rg8+ Ke7 33. Rg7+ Kf6 34. Rxb7 Rxc4 35.
Kh3 Bb6 36. b5 Rc3+ 37. Kh2 Bf2 38. g4 Bg3+ 39. Kg2 Bxh4 40. Rxa7 Rg3+ 41. Kh2
Rxg4 42. Kh3 Rb4 43. Ra8 Ke6 44. Rb8 Be7 45. Kg2 Kd5 46. Rb7 Bc5 47. Rb8 e4 48.
Kf1 Rb2 49. Ke1 {Hossa resigns} 0-1

[Event "ICS rated blitz match"]
[Site "204.178.125.65"]
[Date "1999.10.30"]
[Round "?"]
[White "PostModernist"]
[Black "Hossa"]
[Result "1-0"]
[WhiteElo "2646"]
[BlackElo "2507"]
[PlyCount "78"]
[EventDate "1999.??.??"]

1. e4 c5 2. Nf3 e6 3. d4 cxd4 4. Nxd4 a6 5. Nc3 Qc7 6. f4 Bb4 7. Qf3 d5 8. exd5
exd5 9. Bd2 Ne7 10. O-O-O Qd8 11. f5 Nd7 12. Qg4 Rg8 13. Qf4 Ba5 14. Qe3 Nf6
15. Re1 Bxc3 16. Bxc3 Ne4 17. g4 Nxc3 18. Qxc3 Qd6 19. Qe3 Bd7 20. Bd3 b5 21.
g5 Rh8 22. h3 b4 23. Rhf1 f6 24. Rf2 Kf7 25. Ne6 b3 26. axb3 Rae8 27. gxf6 gxf6
28. Qh6 Qg3 29. Rff1 Nxf5 30. Bxf5 Bxe6 31. Bxe6+ Rxe6 32. Rxe6 Kxe6 33. Qxf6+
Kd7 34. Qxh8 Qg5+ 35. Kb1 h5 36. Rf7+ Ke6 37. Qe8+ Kd6 38. b4 Qg1+ 39. Ka2
39... Qg5 {Hossa resigns} 1-0

[Event "ICS rated blitz match"]
[Site "204.178.125.65"]
[Date "1999.10.30"]
[Round "?"]
[White "PostModernist"]
[Black "Hossa"]
[Result "1-0"]
[WhiteElo "2665"]
[BlackElo "2488"]
[PlyCount "138"]
[EventDate "1999.??.??"]

1. c4 Nf6 2. Nf3 g6 3. Nc3 c5 4. d4 cxd4 5. Nxd4 Bg7 6. e4 d6 7. Be2 O-O 8. O-O
Nc6 9. Be3 Bd7 10. Qd2 Nxd4 11. Bxd4 Re8 12. Rfe1 Bc6 13. Qe3 b6 14. e5 dxe5
15. Bxe5 Qc8 16. Qf4 Rd8 17. b4 Qb7 18. Qg3 a5 19. b5 Be4 20. Rad1 Rac8 21. a4
Rxd1 22. Rxd1 Bc2 23. Rd4 h6 24. Qe3 Bb3 25. Qd2 Bf8 26. Qb2 Nd7 27. Rxd7 Qxd7
28. Qxb3 Qe6 29. Bf4 Bg7 30. Be3 Kh7 31. Nd5 Bd4 32. Kf1 Bc5 33. Qc3 h5 34.
Bxc5 Rxc5 35. Qe3 Qd6 36. f4 Kh6 37. f5+ Kg7 38. Qxe7 Qxe7 39. Nxe7 Rc7 40. Nd5
Rb7 41. Kf2 h4 42. f6+ Kh6 43. Bg4 Kg5 44. Kf3 Rb8 45. Bh3 Kh5 46. g4+ Kg5 47.
Bf1 Rb7 48. h3 Rb8 49. Bg2 Rb7 50. Ke3 Rb8 51. Kd4 Rd8 52. Bf3 Rd6 53. c5 bxc5+
54. Kxc5 Re6 55. b6 Re8 56. b7 Kh6 57. Kd6 g5 58. Kc7 Kg6 59. Bg2 Kh7 60. Ne7
Kh6 61. Bc6 Rf8 62. Bd7 Rh8 63. Bc8 Rf8 64. b8=Q Re8 65. Nf5+ Kg6 66. Nd6 Rxc8+
67. Kxc8 Kxf6 68. Ne8+ Kg6 69. Qe5 69... f6 {Hossa resigns} 1-0

[Event "ICS rated blitz match"]
[Site "204.178.125.65"]
[Date "1999.10.30"]
[Round "?"]
[White "Hossa"]
[Black "PostModernist"]
[Result "1/2-1/2"]
[WhiteElo "2480"]
[BlackElo "2673"]
[PlyCount "275"]
[EventDate "1999.??.??"]

1. c4 g6 2. g3 Bg7 3. Bg2 f5 4. d4 Nf6 5. Nf3 O-O 6. Nc3 d6 7. Bf4 Qe8 8. O-O
Na6 9. a3 c5 10. d5 Bd7 11. e3 h6 12. h4 Nh5 13. Re1 Nc7 14. a4 Nxf4 15. exf4
Qf7 16. Qb3 b6 17. h5 gxh5 18. Nb5 Nxb5 19. axb5 Rfe8 20. Ra2 e6 21. Rd1 exd5
22. Rxd5 Be6 23. Nd2 Rad8 24. Rd3 Bd4 25. Bc6 Re7 26. Ra6 Qg7 27. Kf1 Bxb2 28.
Nf3 Bf6 29. Re3 Kh7 30. Re2 Qg8 31. Bd5 Bxd5 32. Rxe7+ Bxe7 33. cxd5 Ra8 34.
Qa2 Qe8 35. Qe2 Qd7 36. Ra3 Kg7 37. Re3 Bf6 38. Ra3 Rf8 39. Kg1 Rf7 40. Ra6 Re7
41. Qd3 Re4 42. Qb1 h4 43. Qd3 hxg3 44. fxg3 Kg8 45. Qf1 Rb4 46. Qe1 Rb3 47.
Qf1 c4 48. Qe2 Rb1+ 49. Ne1 Bc3 50. Qxc4 Bxe1 51. Qc6 Bxg3+ 52. Kg2 Rb2+ 53.
Kf3 Qxc6 54. bxc6 Rb3+ 55. Kg2 Bxf4 56. Rxa7 Rc3 57. c7 h5 58. Ra8+ Kf7 59.
c8=Q Rxc8 60. Rxc8 Be3 61. Kh3 Bf2 62. Rc6 Kf6 63. Rxd6+ Ke5 64. Rd8 Bc5 65.
Rh8 Kxd5 66. Rxh5 Ke5 67. Rh7 b5 68. Kg2 b4 69. Kf3 Bd6 70. Rg7 Kf6 71. Rb7 Bc5
72. Kf4 Ke6 73. Rb5 Bd6+ 74. Kg5 Be7+ 75. Kf4 Bf8 76. Re5+ Kd6 77. Re1 Bh6+ 78.
Kxf5 Kd7 79. Rd1+ Ke8 80. Rh1 Bd2 81. Rh8+ Kf7 82. Rh7+ Kg8 83. Ra7 Bc3 84.
Ra8+ Kh7 85. Rd8 Bg7 86. Ke4 b3 87. Rd1 b2 88. Rb1 Kg8 89. Kf3 Bc3 90. Ke2 Bg7
91. Rd1 Bc3 92. Rg1+ Kh7 93. Rh1+ Kg6 94. Rb1 Kh7 95. Kd3 Bf6 96. Kc2 Kg6 97.
Rg1+ Kh7 98. Rh1+ Kg6 99. Kb1 Be5 100. Rg1+ Kf5 101. Rf1+ Ke4 102. Rh1 Bd4 103.
Rh4+ Kd5 104. Rh5+ Be5 105. Rh7 Bd4 106. Rh6 Be5 107. Rh5 Kd6 108. Rh4 Bf6 109.
Rh3 Ke7 110. Re3+ Kf8 111. Rd3 Bg7 112. Rf3+ Kg8 113. Rg3 Kf7 114. Rb3 Kg8 115.
Rb8+ Kf7 116. Rb7+ Kg8 117. Rb5 Kf8 118. Rc5 Bf6 119. Rc8+ Kg7 120. Rc7+ Kh8
121. Rc6 Kg7 122. Rd6 Be5 123. Rd7+ Kf8 124. Rd8+ Kg7 125. Re8 Bf6 126. Re2 Kf8
127. Re1 Bg7 128. Rf1+ Ke7 129. Rh1 Kf8 130. Rd1 Ke8 131. Rg1 Bd4 132. Re1+ Kf7
133. Rd1 Be5 134. Rf1+ Ke6 135. Rh1 Bd4 136. Rh2 Be5 137. Rh6+ Ke7 138. Rh7+ {
Game drawn by the 50 move rule} 1/2-1/2

[Event "ICS rated blitz match"]
[Site "204.178.125.65"]
[Date "1999.10.30"]
[Round "?"]
[White "PostModernist"]
[Black "Hossa"]
[Result "0-1"]
[WhiteElo "2665"]
[BlackElo "2488"]
[PlyCount "118"]
[EventDate "1999.??.??"]

1. d4 d5 2. Bf4 e6 3. Nf3 Bd6 4. e3 Bxf4 5. exf4 Nf6 6. Nbd2 O-O 7. Bd3 b6 8.
Qe2 c5 9. c3 Nc6 10. dxc5 bxc5 11. O-O-O Bd7 12. Ne5 Qa5 13. Nxd7 Nxd7 14. Bb1
Qc7 15. g3 Rab8 16. Nf3 Rfe8 17. Qc2 Nf6 18. Ng5 h6 19. Nf3 Rb7 20. Rd2 Ne4 21.
Re2 Reb8 22. Qd3 Qa5 23. Rc2 Qa3 24. Qe2 Rxb2 25. Rxb2 Nxc3 26. Qc2 Rxb2 27.
Qxb2 Ne2+ 28. Kc2 Nb4+ 29. Qxb4 Qxb4 30. Nd2 Qc3+ 31. Kd1 Qc1+ 32. Kxe2 Qxh1
33. Nf1 c4 34. a4 d4 35. Nd2 Qc1 36. Nxc4 Qxc4+ 37. Bd3 Qxa4 38. h4 Qa2+ 39.
Kf1 Qd5 40. Ke2 Qh5+ 41. f3 g5 42. fxg5 hxg5 43. Be4 gxh4 44. gxh4 Qxh4 45. Kf1
Qh1+ 46. Ke2 Qc1 47. Kf2 f5 48. Ba8 Qb2+ 49. Kg1 Qb8 50. Bc6 Qb1+ 51. Kg2 Qc2+
52. Kg3 Qxc6 53. Kf2 Qc2+ 54. Kg3 Qe2 55. f4 d3 56. Kh3 Qg4+ 57. Kh2 d2 58. Kh1
d1=Q+ 59. Kh2 59... Qdg1# {PostModernist checkmated} 0-1

[Event "ICS rated blitz match"]
[Site "204.178.125.65"]
[Date "1999.10.30"]
[Round "?"]
[White "Hossa"]
[Black "PostModernist"]
[Result "1-0"]
[WhiteElo "2512"]
[BlackElo "2641"]
[PlyCount "121"]
[EventDate "1999.??.??"]

1. c4 e5 2. Nc3 Nf6 3. Nf3 Nc6 4. g3 Bb4 5. Bg2 O-O 6. a3 Bxc3 7. bxc3 e4 8.
Ng5 Re8 9. O-O d6 10. f3 exf3 11. Nxf3 Qe7 12. e3 Bg4 13. Rb1 b6 14. h3 Bh5 15.
d3 Rad8 16. g4 Bg6 17. e4 Nd7 18. Nd2 Nc5 19. Qc2 a5 20. Rb5 Rd7 21. a4 Rdd8
22. Rb1 Rc8 23. Nb3 Ne5 24. Nxc5 dxc5 25. Bf4 Rcd8 26. Bxe5 Qxe5 27. Rf3 Re6
28. h4 f6 29. Rbf1 Red6 30. R1f2 Qe7 31. Bh3 Be8 32. Rf1 Qd7 33. g5 Qxa4 34.
Qg2 Bh5 35. gxf6 g6 36. R3f2 Rf8 37. Qg5 Qc6 38. f7+ Kg7 39. Qe5+ Kh6 40. Rd2
Rdd8 41. Be6 Qd6 42. Qg5+ Kg7 43. Qf6+ Kh6 44. e5 Qc6 45. Qg5+ Kg7 46. Bd5 Rxd5
47. cxd5 h6 48. dxc6 hxg5 49. e6 gxh4 50. e7 g5 51. Rf5 Rxf7 52. Rxg5+ Kf6 53.
e8=Q Kxg5 54. Rg2+ Kf6 55. Qh8+ Ke7 56. Qxh5 Rf6 57. Qe5+ Kf7 58. Qd5+ Re6 59.
Qd7+ Kf8 60. Qxe6 a4 61. Rg8# {PostModernist checkmated} 1-0

[Event "ICS rated blitz match"]
[Site "204.178.125.65"]
[Date "1999.10.30"]
[Round "?"]
[White "PostModernist"]
[Black "Hossa"]
[Result "1-0"]
[WhiteElo "2619"]
[BlackElo "2534"]
[PlyCount "83"]
[EventDate "1999.??.??"]

1. e4 c5 2. Nf3 e6 3. d4 cxd4 4. Nxd4 a6 5. Nc3 d6 6. g4 Nc6 7. Be3 Nf6 8. g5
Nxd4 9. Bxd4 Nd7 10. Qh5 Ne5 11. O-O-O Nc6 12. f4 g6 13. Qf3 Nxd4 14. Rxd4 Rb8
15. Bd3 e5 16. Rb4 Be6 17. h4 d5 18. Rb3 dxe4 19. Qxe4 Qc7 20. Nd5 Bxd5 21.
Qxd5 Bg7 22. fxe5 O-O 23. e6 fxe6 24. Qxe6+ Kh8 25. Kb1 Rbe8 26. Qg4 Qc6 27.
Rg1 Rf2 28. a3 Rh2 29. Ka2 Rf8 30. Rb4 Qd5+ 31. Qc4 Qd7 32. Qb3 b5 33. Re1 Rhf2
34. Rbe4 Rd8 35. Re7 Qd4 36. R1e4 Qc5 37. Rb7 Bf8 38. Re6 Qc8 39. Rxh7+ Kxh7
40. Rxg6 Be7 41. Rf6+ Kh8 42. Qf7 {Hossa resigns} 1-0

[Event "ICS rated blitz match"]
[Site "204.178.125.65"]
[Date "1999.10.30"]
[Round "?"]
[White "Hossa"]
[Black "PostModernist"]
[Result "0-1"]
[WhiteElo "2522"]
[BlackElo "2631"]
[PlyCount "121"]
[EventDate "1999.??.??"]

1. e4 g6 2. d4 Bg7 3. Nf3 d6 4. Bc4 Nf6 5. Nc3 c6 6. Bg5 {letzter Buchzug} 6...
Nbd7 7. e5 dxe5 8. dxe5 Ng4 9. e6 fxe6 10. Bxe6 Nc5 11. Qxd8+ Kxd8 12. Bc4 ({
0.32 Hiarcs 7.32:} 12. O-O-O+ 12... Ke8 13. Bxg4 Bxg4 14. Rhe1 14... Ne6 {
0.83/7}) 12... Bxc3+ 13. bxc3 Ne4 14. Bh4 Nxc3 15. O-O b5 16. Bb3 ({
0.15 Hiarcs 7.32:} 16. Rfe1 16... Kc7 17. Rxe7+ Kb6 18. Bb3 18... Bf5 {0.73/6})
16... Nf6 17. Rae1 Bg4 18. Nd4 Bd7 19. Re5 h6 20. Re3 ({-0.06 Hiarcs 7.32:} 20.
f4 20... Nfd5 21. Bxd5 Nxd5 22. Nxb5 Rf8 23. Bg3 cxb5 24. Rxd5 {0.57/6}) 20...
Nfd5 21. Bxe7+ Kc7 22. Ree1 ({-0.48 Hiarcs 7.32:} 22. Rd3 22... Nxe7 {-0.09/7})
22... Nxe7 23. Rxe7 Rae8 24. Re3 ({-1.90 Hiarcs 7.32:} 24. Rf7 24... Kc8 25.
Rf3 Re4 26. Rxc3 Rxd4 27. Rc5 27... b4 {-0.48/7}) 24... Rxe3 25. fxe3 c5 26.
Ne6+ Kd6 27. Nf8 c4 28. Bxc4 bxc4 29. Rf6+ Ke7 30. Nxd7 Kxd7 31. Rf7+ ({
-2.48 Hiarcs 7.32:} 31. Rxg6 31... Nxa2 32. Rg4 Nb4 33. Rxc4 a5 34. c3 Nd5 35.
Kf2 {-1.84/8}) 31... Ke6 32. Rxa7 Rd8 33. Rc7 Kd5 34. Rg7 Rd6 35. a3 ({
-3.80 Hiarcs 7.32:} 35. Ra7 35... Re6 36. Ra5+ Ke4 37. Rc5 Kxe3 38. Rxc4 38...
Nxa2 {-2.80/7}) 35... Nb5 36. Rf7 ({-5.28 Hiarcs 7.32:} 36. a4 36... Na3 37.
Rh7 Nxc2 38. Rxh6 Nxe3 39. Rh3 Nd1 40. Kf1 40... c3 {-3.80/9}) 36... Nxa3 37.
Rf2 Ke5 38. Kf1 c3 39. Ke1 Nc4 40. Re2 Rf6 41. e4 Nd6 42. Re3 Nxe4 43. h3 h5
44. Kd1 Rd6+ 45. Ke1 g5 46. Rf3 h4 47. Re3 Rd8 48. Rf3 Rd7 49. Re3 Ra7 50. Ke2
Ra1 51. Kf3 ({-9.22 Hiarcs 7.32:} 51. Kd3 51... Ra4 {-6.84/10}) 51... Rf1+ 52.
Ke2 Rf2+ 53. Kd1 ({-12.76 Hiarcs 7.32:} 53. Kd3 53... Rd2+ {-9.51/12}) 53...
Rxg2 54. Rf3 Rh2 55. Ke1 ({-15.29 Hiarcs 7.32:} 55. Re3 55... Kf4 56. Re1 Rxh3
57. Kc1 g4 58. Rg1 Rf3 59. Kd1 {-9.37/10}) 55... Rxc2 56. Kd1 ({
-33.47 Hiarcs 7.32:} 56. Rf7 56... Rh2 57. Re7+ Kd4 58. Rd7+ Ke3 59. Kd1 Rd2+
60. Kc1 Rxd7 61. Kc2 g4 62. hxg4 {-15.29/9}) 56... Rh2 57. Kc1 ({
-#9 Hiarcs 7.32:} 57. Rf7 57... c2+ 58. Kc1 Nc5 59. Re7+ Kd4 60. Kb2 Nd3+ 61.
Kb3 c1=Q 62. Rd7+ Ke5 63. Re7+ Kf6 64. Re3 Qxe3 65. Kc4 65... Qxh3 {-33.47/10})
57... Kd4 58. Rf8 ({-19.05 Hiarcs 7.32:} 58. Rf5 58... Nc5 59. Rf1 Nb3+ 60. Kd1
Rd2+ 61. Ke1 c2 62. Rf4+ gxf4 63. Kf1 Rd1+ 64. Kf2 Ke4 65. Kg2 Rd2+ 66. Kg1
66... c1=Q# {-#9/10}) 58... Rxh3 59. Rd8+ Kc4 60. Kc2 Nc5 61. Rc8 {
Hossa resigns} 0-1

[Event "ICS rated blitz match"]
[Site "204.178.125.65"]
[Date "1999.10.30"]
[Round "?"]
[White "PostModernist"]
[Black "Hossa"]
[Result "1-0"]
[WhiteElo "2642"]
[BlackElo "2511"]
[PlyCount "27"]
[EventDate "1999.??.??"]

1. e4 d5 2. exd5 Qxd5 3. Nc3 Qa5 4. d4 Nf6 5. Nf3 c6 6. Bc4 Bg4 7. h3 Bxf3 8.
Qxf3 e5 9. Qe3 Bd6 10. f4 Nd5 11. Bxd5 cxd5 12. O-O O-O 13. fxe5 Bb4 14. e6 {
Hossa resigns} 1-0

[Event "ICS rated blitz match"]
[Site "204.178.125.65"]
[Date "1999.10.30"]
[Round "?"]
[White "Hossa"]
[Black "PostModernist"]
[Result "0-1"]
[WhiteElo "2501"]
[BlackElo "2652"]
[PlyCount "147"]
[EventDate "1999.??.??"]

1. e4 c5 2. Nf3 d6 3. Bb5+ Bd7 4. Bxd7+ Qxd7 5. d3 g6 6. Bg5 Bg7 7. Nc3 Bxc3+
8. bxc3 Nc6 9. O-O O-O-O 10. Rb1 h6 11. Bh4 g5 12. Bg3 e5 13. Qc1 Nge7 14. Qd2
f5 15. exf5 Nxf5 16. Rfe1 h5 17. Qxg5 Rdg8 18. Qd2 h4 19. Rf1 hxg3 20. fxg3 Rf8
21. c4 Nh6 22. Ng5 Ng4 23. Rxf8+ Rxf8 24. Ne4 Qd8 25. c3 Rh8 26. h3 Nf6 27. Qb2
b6 28. Qb5 Kc7 29. Nf2 Qc8 30. g4 Rf8 31. Rf1 Na5 32. a3 Qa8 33. Re1 Qb7 34. h4
Rh8 35. g5 Nh5 36. Nh3 Ng7 37. Rf1 Kb8 38. Rf6 a6 39. Qb2 Ne8 40. Rh6 Rf8 41.
a4 e4 42. dxe4 Qc6 43. Re6 Nxc4 44. Qa2 Ne5 45. Nf2 Nc7 46. Rh6 Qd7 47. h5 Qe7
48. Qb3 Ka7 49. Qd1 Nf7 50. Rh7 Qxg5 51. Qf3 Qe7 52. h6 Qe8 53. Qf5 Kb8 54. Qf6
Ne6 55. Qg6 Neg5 56. Rg7 Qxa4 57. Qf6 Rh8 58. Rg6 Qa1+ 59. Kh2 Qa2 60. e5 Nh7
61. Qf5 Qd5 62. Kg1 Nxe5 63. Rg3 Qd2 64. Qb1 b5 65. Rh3 Ng5 66. Rh5 Ngf7 67.
Qa1 Nxh6 68. Rh3 a5 69. Ne4 Qd5 70. Nf6 Qf7 71. Qf1 Kc8 72. g4 Qg6 73. Qf4 b4
74. g5 {Hossa resigns} 0-1

[Event "ICS rated blitz match"]
[Site "204.178.125.65"]
[Date "1999.10.30"]
[Round "?"]
[White "PostModernist"]
[Black "Hossa"]
[Result "1-0"]
[WhiteElo "2661"]
[BlackElo "2492"]
[PlyCount "112"]
[EventDate "1999.??.??"]

1. c4 g6 2. Nc3 e5 3. g3 Nc6 4. Bg2 Nf6 5. Nf3 Bg7 6. d3 O-O 7. O-O d6 8. Rb1
Bg4 9. h3 Be6 10. b4 Qc8 11. Ng5 Nd7 12. Nxe6 fxe6 13. b5 Ncb8 14. Be3 Nb6 15.
a4 N6d7 16. a5 c6 17. bxc6 bxc6 18. Nb5 d5 19. cxd5 exd5 20. Qb3 Qb7 21. Nxa7
Qxb3 22. Rxb3 d4 23. Nxc6 Nxc6 24. Bxc6 dxe3 25. Bxd7 exf2+ 26. Rxf2 Rxa5 27.
Be6+ Kh8 28. Rb7 Ra1+ 29. Kg2 Rxf2+ 30. Kxf2 h5 31. Rf7 Ra6 32. Bc4 Rf6+ 33.
Rxf6 Bxf6 34. Kf3 Be7 35. Ke4 Bd6 36. g4 Kg7 37. g5 Kf8 38. Kd5 Ke7 39. Bb3 h4
40. Bc2 Bb8 41. Bd1 Kf7 42. Bb3 Ke7 43. Ke4 Bc7 44. Ba2 Kd6 45. Kf3 Ke7 46. Kg4
Bd6 47. Kxh4 Kf8 48. Kg4 Ke7 49. h4 Bb4 50. h5 gxh5+ 51. Kxh5 Bd2 52. Kg6 Kd6
53. Kf6 Be3 54. g6 Bh6 55. g7 Bxg7+ 56. Kxg7 56... Ke7 {Hossa resigns} 1-0

[Event "ICS rated blitz match"]
[Site "204.178.125.65"]
[Date "1999.10.30"]
[Round "?"]
[White "Hossa"]
[Black "PostModernist"]
[Result "0-1"]
[WhiteElo "2483"]
[BlackElo "2670"]
[PlyCount "50"]
[EventDate "1999.??.??"]

1. c4 c6 2. e4 d5 3. exd5 cxd5 4. cxd5 Nf6 5. Nc3 Nxd5 6. Bc4 Nf6 7. d4 e6 8.
Nf3 a6 9. Bg5 Be7 10. O-O O-O 11. Ne5 b5 12. Bd3 ({-0.36 Hiarcs 7.32:} 12. Qf3
12... Ra7 13. Bd3 b4 14. Bxf6 {0.30/6}) 12... Bb7 13. Ne2 {letzter Buchzug}
13... Nbd7 14. Qb1 ({-1.34 Hiarcs 7.32:} 14. Nf4 14... h6 15. Bxf6 15... Nxf6 {
-0.36/6}) 14... Nxe5 15. Bxf6 Bxf6 16. dxe5 Bxe5 17. Bxh7+ Kh8 18. f4 Bd4+ 19.
Kh1 ({-1.98 Hiarcs 7.32:} 19. Nxd4 19... Qxd4+ {-0.89/8}) 19... g6 20. Bxg6
fxg6 21. Rd1 e5 22. Qxg6 ({-3.30 Hiarcs 7.32:} 22. Qd3 22... Qh4 23. Nxd4 exd4
24. Qxd4+ Rf6 25. Rf1 25... Raf8 {-2.06/6}) 22... Qh4 23. Nxd4 exd4 24. Qe6 ({
-9.71 Hiarcs 7.32:} 24. Qg3 24... Rxf4 25. Qxh4+ Rxh4 26. Rd2 26... Rg8 {
-3.37/6}) 24... Bxg2+ 25. Kxg2 ({-17.71 Hiarcs 7.32:} 25. Kg1 25... Rf6 {
-9.71/6}) 25... Rae8 {Hossa resigns} 0-1

[Event "ICS rated blitz match"]
[Site "204.178.125.65"]
[Date "1999.10.30"]
[Round "?"]
[White "PostModernist"]
[Black "Hossa"]
[Result "1-0"]
[WhiteElo "2678"]
[BlackElo "2475"]
[PlyCount "129"]
[EventDate "1999.??.??"]

1. e4 c5 2. Nc3 Nc6 3. g3 g6 4. Bg2 Bg7 5. d3 d6 6. Be3 Nf6 7. h3 O-O 8. f4 Nd7
9. Qd2 f5 10. exf5 Rxf5 11. g4 Rf8 12. Bd5+ Kh8 13. O-O-O Nb6 14. Bg2 e6 15.
Nge2 Nb4 16. g5 N6d5 17. Nxd5 exd5 18. a3 d4 19. Bxd4 Nxd3+ 20. Qxd3 cxd4 21.
Qd2 d3 22. Qxd3 Qb6 23. c3 Qf2 24. Qf3 Qc5 25. Qe4 Bf5 26. Qd5 Qf2 27. Qf3 Qb6
28. Ng3 Bc8 29. Rhe1 Be5 30. Ne2 Bg7 31. Qe4 Bf5 32. Qd5 Rae8 33. Qd2 Rf7 34.
Ng3 Bd7 35. Ne4 d5 36. Qxd5 Rfe7 37. Nd6 Bxc3 38. bxc3 Rxe1 39. Nxe8 Qe3+ 40.
Qd2 Qxd2+ 41. Kxd2 Rxe8 42. Bxb7 Bxh3 43. c4 Bg4 44. Re1 Rd8+ 45. Kc3 Rf8 46.
Bd5 h5 47. gxh6 Kh7 48. Rh1 Rxf4 49. Rh4 g5 50. Rh1 Bf3 51. Bxf3 Rxf3+ 52. Kd4
Rxa3 53. c5 Ra4+ 54. Kd5 Ra3 55. c6 g4 56. c7 Rc3 57. Kd6 g3 58. Kd7 Rd3+ 59.
Kc6 Rc3+ 60. Kb7 g2 61. Rb1 Kg6 62. c8=Q Rxc8 63. Kxc8 Kh7 64. Rg1 Kh8 65. Rxg2
{Hossa resigns} 1-0

[Event "ICS Rated standard match"]
[Site "204.178.125.65"]
[Date "1999.10.30"]
[Round "?"]
[White "PostModernist"]
[Black "Hossa"]
[Result "1-0"]
[WhiteElo "2451"]
[BlackElo "2033"]
[PlyCount "119"]
[EventDate "1999.??.??"]

1. c4 c6 2. e4 d5 3. exd5 cxd5 4. d4 Nf6 5. Nc3 e6 6. Nf3 Be7 7. cxd5 exd5 8.
Bb5+ Bd7 9. Bxd7+ Nbxd7 10. O-O O-O 11. Qb3 Nb6 12. Re1 Rc8 13. a4 Rc4 14. a5
Rb4 15. Qc2 Nc4 16. b3 Nxa5 17. Rxa5 Qxa5 18. Rxe7 Rc8 19. Bd2 Qd8 20. Re5 Rb6
21. Qf5 Rd6 22. Nb5 Ra6 23. Re1 Rcc6 24. Nc3 Re6 25. Ne5 Re8 26. Rc1 Qb6 27.
Qd3 Rc8 28. Re1 Qa5 29. b4 Qd8 30. Rc1 Re6 31. Bg5 h6 32. Bxf6 Rxf6 33. Rf1 Qd6
34. Qh3 Rd8 35. b5 Qe6 36. Qe3 Ra8 37. Qd3 Rb8 38. Ra1 Ra8 39. Ra4 a5 40. Ra1
Rf4 41. g3 Rf6 42. f4 Rc8 43. Rxa5 Qb6 44. Ra3 Rd8 45. Ra2 Re6 46. Re2 Qa5 47.
Kg2 Ree8 48. g4 Qa3 49. g5 hxg5 50. fxg5 Rc8 51. Qf5 Qxc3 52. Qxf7+ Kh8 53.
Qh5+ Kg8 54. g6 Rxe5 55. Qxe5 Qf3+ 56. Kxf3 Rf8+ 57. Kg4 Rf7 58. gxf7+ Kxf7 59.
Qe8+ Kf6 60. Rf2# {Hossa checkmated} 1-0

[Event "ICS rated blitz match"]
[Site "204.178.125.65"]
[Date "1999.10.30"]
[Round "?"]
[White "Hossa"]
[Black "Zippy"]
[Result "0-1"]
[WhiteElo "2467"]
[BlackElo "2368"]
[PlyCount "122"]
[EventDate "1999.??.??"]

1. c4 e6 2. Nf3 d5 3. g3 Nf6 4. cxd5 exd5 5. Bg2 Nc6 6. d4 Bb4+ 7. Nbd2 O-O 8.
a3 Bd6 9. O-O Re8 10. Nb1 Bf5 11. Nc3 h6 12. Nb5 Be7 13. Bf4 Bd6 14. Nxd6 cxd6
15. Rc1 Rc8 16. b4 a6 17. Nh4 Be6 18. Qd2 g5 19. Bxg5 hxg5 20. Qxg5+ Kf8 21. e3
Ng4 22. Qh5 Nf6 23. Qh6+ Ke7 24. Qf4 Qd7 25. Qg5 Rg8 26. Qh6 Ng4 27. Qf4 Nf6
28. Qh6 Rc7 29. Nf3 Qd8 30. Ng5 Bf5 31. Qh4 Ke8 32. Qf4 Ne7 33. Rxc7 Qxc7 34.
h4 b5 35. Rd1 Qc2 36. Rf1 Qc6 37. Bf3 Ne4 38. Bh5 Nxg5 39. hxg5 Rf8 40. Be2 Rh8
41. g4 Be6 42. Rd1 Ng6 43. Qf6 Qc2 44. Bf3 Qb3 45. Ra1 Qb2 46. Re1 Qxa3 47. Rb1
Qa2 48. Rf1 Rh4 49. Qg7 Ne7 50. g6 Nxg6 51. Qg8+ Ke7 52. Qa8 Qa3 53. Qa7+ Bd7
54. g5 Qd3 55. Ra1 Qf5 56. Bg2 Rg4 57. Kh1 Qxf2 58. Qxd7+ Kxd7 59. Bh3 Qf3+ 60.
Kh2 Qg3+ 61. Kh1 61... Qxh3# {Hossa checkmated} 0-1